El Català reconegut pel Parlament Europeu
Publicado:
Barcelona :
Generalitat de Catalunya. Entitat Autònoma del Diari Oficial i de Publicacions ,
1991
Descripción Física:
125 p. ; 21'5 cm
Colección:
Temes d'actualitat ; 2
MARC
| LEADER | 00000nam a2200000Ia 4500 | ||
|---|---|---|---|
| 001 | 9359 | ||
| 008 | 160829s1991 xx 000 0 cat d | ||
| 080 | |a L-1-321 | ||
| 245 | |a El Català reconegut pel Parlament Europeu | ||
| 260 | |a Barcelona : |b Generalitat de Catalunya. Entitat Autònoma del Diari Oficial i de Publicacions, |c 1991 | ||
| 300 | |a 125 p. ; |c 21'5 cm | ||
| 490 | |a Temes d'actualitat ; 2 | ||
| 650 | |a Català |x Aspectes polítics |x Comunitat Econòmica Europea, Països de la |9 31590 | ||
| 650 | |a Català |x Dret i legislació |x Comunitat Econòmica Europea, Països de la |9 31591 | ||
| 650 | |a Parlament Europeu |x Política lingüística |9 31592 | ||
| 901 | |a Arxiu | ||
| 942 | |n 1 | ||
| 952 | |0 0 |1 0 |4 0 |6 L1321 |7 1 |9 45685 |a Arxiu |b Arxiu |d 2016-12-01 |l 0 |o L-1-321 |p 9359 |r 2016-12-01 00:00:00 |w 2016-12-01 |y ARXIU | ||
| 999 | |c 49185 |d 49185 | ||